000 00575nam a22002177a 4500
003 UA-OsUOA
001 38094
007 ta
008 20070910b un ||||| |||| 00| 0 ukr d
090 _a94(477).01
_bН28
942 _cBK
040 _aUA-OsUOA
_bukr
_cUA-OsUOA
_dUA-OsUOA
245 _aНариси стародавньої історії Української РСР
300 _a631 с.
955 _a1
041 _aukr
080 _a94(477).01
260 _aК.
_c1959
650 7 _a9 Географія. Біографії. Історія
_2UDC
999 _c436586
_d436586